| 000 | 00838nas a2200229 i 4500 | ||
|---|---|---|---|
| 001 | 177904 | ||
| 003 | ES-MaACL | ||
| 005 | 20250217134858.0 | ||
| 008 | 110506 19571960sp a| f| ||pa d | ||
| 080 | _a37(460)(083.4) | ||
| 245 | 0 | 0 |
_aEstadística de la enseñanza en España. _pDiversas enseñanzas / _cPresidencia del Gobierno, Instituto Nacional de Estadística. |
| 260 |
_aMadrid : _bInstituto Nacional de Estadística, _c1957-1961. |
||
| 300 |
_a2 v. ; _c27 cm. |
||
| 310 | _aAnual | ||
| 362 | 0 | _a1957/58-1959/60. | |
| 650 | 4 |
_aEnseñanza- _zEspaña- _vEstadísticas. _9162098 |
|
| 710 | 2 |
_aInstituto Nacional de Estadística (España) _95162 |
|
| 785 | 0 | 4 |
_aEstadística de la enseñanza en España _xISSN 0213-2362 |
| 852 |
_aES-MaACL _j2289-F-13-14 _xOlim P-599 |
||
| 866 | 0 | _o1958/59-1959/60 | |
| 999 |
_c177904 _d177904 |
||